Basic & clinical biostatistics

Bibliographic Details
Main Author: Trapp, Robert G. (Author)
Format: Book
Language:English
Published: New York : Lange Medical Books/McGraw-Hill, Medical Publishing Division 2004
Edition:Fourth edition
Subjects:

MARC

LEADER 00000cam a2200000 7i4500
001 0000054607
005 20220123093000.0
008 080117s2004 nyu eng
020 |a 0071410171 
020 |a 9780071410175 
040 |a UniSZA   |e rda 
050 0 0 |a QH323.5   |b .D39 2004 
060 1 0 |a WA 950   |b D272b 2004 
090 0 0 |a QH323.5   |b .D39 2004 
245 1 0 |a Basic & clinical biostatistics   |c Beth Dawson, Robert G. Trapp 
246 1 |a Basic and clinical biostatistics 
250 |a Fourth edition 
264 1 |a New York :   |b Lange Medical Books/McGraw-Hill, Medical Publishing Division   |c 2004 
300 |a x, 438 pages :   |b illustration ;   |c 23 cm.   |e 1 CD-ROM (4 3/4 in)- 
500 |a "A Lange medical book" 
504 |a Includes bibliographical references (pages 415-421) and index 
505 0 |a 1. Introduction to medical research -- 2. Study designs in medical research -- 3. Summarizing data & presenting data in tables & graphs -- 4. Probability & related topics for making inferences about data -- 5. Research questions about one group -- 6. Research questions about two separate or independent groups -- 7. Research questions about means in three or more groups -- 8. Research questions about relationships among variables -- 9. Analyzing research questions about survival -- 10. Statistical methods for multiple variables -- 11. Survey research -- 12. Methods of evidence-based medicine and decision analysis -- 13. Reading the medical literature 
650 0 |a Biometry 
650 0 |a Statistics 
650 1 2 |a Biometry   |x methods 
700 1 |a Trapp, Robert G. ,   |e author 
740 0 2 |a Basic and clinical biostatistics 
999 |a 1000116625   |b Book   |c OPEN SHELF (30 DAYS)   |e Medical Campus 
999 |a 1000116626   |b CD-ROM   |c Reference   |e Medical Campus 
999 |a 1000116627   |b Book   |c OPEN SHELF (30 DAYS)   |e Medical Campus 
999 |a 1000116628   |b CD-ROM   |c Reference   |e Medical Campus 
999 |a 1000172811   |b Book   |c Open Shelf (1 Day)   |e Tembila Campus 
999 |a 1000176098   |b Book   |c OPEN SHELF (30 DAYS)   |e Gong Badak Campus